| 000 | 00605nam a22002057a 4500 | ||
|---|---|---|---|
| 999 |
_c10644 _d10644 |
||
| 003 | AR-CdUCM | ||
| 008 | 190401b ||||| |||| 00| 0 spa d | ||
| 040 |
_aMUNICIPALIDAD PROVINCIAL DEL CUSCO _cBIBLIOTECA MUNICIPAL DEL CUSCO |
||
| 082 |
_a869.263 / _bW31K / 1935 |
||
| 100 |
_aWast, Hugo _924614 |
||
| 245 |
_aEl Kahal : _bOro / |
||
| 260 |
_aSantiago de Chile : _bEdiciones Ercilla, _c1935. |
||
| 300 |
_a413 páginas ; _c18 cm. |
||
| 505 | _aContenido: Novela. | ||
| 650 |
_aLiteratura _983 |
||
| 650 |
_aNovelas argentinas _99625 |
||
| 650 |
_aSiglo XX _98 |
||
| 942 |
_2ddc _cLIBROS |
||
| 945 | _aachl | ||